MARC

LEADER 00000nam0a2200000 4500
001 286798
005 20231101235928.0
035 |a (RuTPU)RU\TPU\book\311145 
090 |a 286798 
100 |a 20150310d1967 k y0rusy50 ca 
101 0 |a rus 
102 |a RU 
105 |a a z 001zy 
200 1 |a Водный баланс Западно-Сибирской равнины  |f Е. И. Куприянова 
210 |a Москва  |c Наука  |d 1967 
215 |a 64 с.  |c ил. 
320 |a Библиогр.: с. 61-63. 
606 1 |a Водный баланс земной поверхности  |2 stltpush  |3 (RuTPU)RU\TPU\subj\2769  |9 31285 
610 1 |a Западно-Сибирская равнина 
610 1 |a методы 
610 1 |a исследование 
610 1 |a элементы 
610 1 |a атмосферные осадки 
610 1 |a речной сток 
610 1 |a испарение 
610 1 |a зональность 
675 |a 556.1  |v 3 
700 1 |a Куприянова  |b Е. И.  |g Евгения Ивановна 
712 0 2 |a Академия наук СССР (АН СССР)  |b Институт географии (ИГ)  |c (Москва)  |2 stltpush  |3 (RuTPU)RU\TPU\col\11388 
801 1 |a RU  |b 63413507  |c 20150310 
801 2 |a RU  |b 63413507  |c 20150312  |g RCR 
942 |c BK